COVID-19: Implications for Employment and Working Life

Guardado en:
Detalles Bibliográficos
Autor principal: Weber, Tina
Autor Corporativo: European Foundation for the Improvement of Living and Working Conditions - Eurofound
Otros Autores: Hurley, John, Adăscăliței, Dragoș
Formato: Libro
Lenguaje:inglés
Publicado: Luxembourg Publications Office of the European Union 2021
Materias:
Etiquetas: Agregar Etiqueta
Sin Etiquetas, Sea el primero en etiquetar este registro!

MARC

LEADER 00000nam a2200000 4500
001 0283126
005 20240306141943.6
020 |a 978-92-897-2163-9 
041 0 |a eng 
044 |a LU 
245 1 0 |a COVID-19: Implications for Employment and Working Life  |c Tina Weber, John Hurley and Dragoș Adăscăliței 
264 1 |a Luxembourg  |b Publications Office of the European Union  |c 2021 
300 |a iii, 77 s. 
610 2 0 |a koronavírus 
610 2 0 |a koronakríza 
610 2 0 |a pandémia 
610 2 0 |a kríza pandemická 
610 2 0 |a zamestnanosť 
610 2 0 |a trh práce 
610 2 0 |a politika zamestnanosti 
610 2 0 |a samozamestnanosť 
610 2 0 |a partnerstvo sociálne 
610 2 0 |a politika sociálna 
610 2 0 |a Európska únia 
100 1 |a Weber, Tina 
700 1 |a Hurley, John 
700 1 |a Adăscăliței, Dragoș 
710 2 |a European Foundation for the Improvement of Living and Working Conditions - Eurofound